| Tag |
First Indicator |
Second Indicator |
Subfields |
| LEADER |
00000cam a2200000 i 4500 |
| 001 |
in00004337639 |
| 006 |
m o d f |
| 007 |
cr ||||||||||| |
| 008 |
200709s2020 dcu o f000 0 eng c |
| 005 |
20220803200730.2 |
| 024 |
8 |
|
|a 40-599
|q (GPO jacket number)
|
| 035 |
|
|
|a (OCoLC)on1164146671
|
| 040 |
|
|
|a GPO
|b eng
|e rda
|e pn
|c GPO
|d OCLCF
|d GPO
|d OCLCQ
|d GPO
|d MvI
|
| 042 |
|
|
|a pcc
|
| 043 |
|
|
|a a-kn---
|a n-us---
|
| 049 |
|
|
|a WWW
|
| 050 |
|
4 |
|a KF26
|b .F6354 2019b
|
| 074 |
|
|
|a 1039-C (online)
|
| 086 |
0 |
|
|a Y 4.F 76/2:S.HRG.116-207
|
| 110 |
1 |
|
|a United States.
|b Congress.
|b Senate.
|b Committee on Foreign Relations.
|b Subcommittee on East Asia, the Pacific, and International Cybersecurity Policy,
|e author.
|
| 245 |
1 |
0 |
|a U.S. policy toward North Korea after the second summit :
|b hearing before the Subcommittee on East Asia, the Pacific, and International Cybersecurity Policy of the Committee on Foreign Relations, United States Senate, One Hundred Sixteenth Congress, first session, March 26, 2019.
|
| 264 |
|
1 |
|a Washington :
|b U.S. Government Publishing Office,
|c 2020.
|
| 300 |
|
|
|a 1 online resource (iii, 31 pages).
|
| 336 |
|
|
|a text
|b txt
|2 rdacontent
|
| 337 |
|
|
|a computer
|b c
|2 rdamedia
|
| 338 |
|
|
|a online resource
|b cr
|2 rdacarrier
|
| 490 |
1 |
|
|a S. hrg. ;
|v 116-207
|
| 500 |
|
|
|a Access ID (govinfo): CHRG-116shrg40599.
|
| 500 |
|
|
|a GPO Cataloging Record Distribution Program (CRDP).
|
| 518 |
|
|
|a Date of hearing: 2019-03-26.
|
| 588 |
|
|
|a Description based on online resource; title from PDF title page (govinfo, viewed July 3, 2020).
|
| 650 |
|
0 |
|a Nuclear disarmament
|z Korea (North)
|
| 650 |
|
0 |
|a Nuclear weapons
|z Korea (North)
|
| 651 |
|
0 |
|a United States
|x Foreign relations
|z Korea (North)
|
| 651 |
|
0 |
|a Korea (North)
|x Foreign relations
|z United States.
|
| 650 |
|
7 |
|a Diplomatic relations
|2 fast
|0 (OCoLC)fst01907412
|
| 650 |
|
7 |
|a Nuclear disarmament
|2 fast
|0 (OCoLC)fst01039933
|
| 650 |
|
7 |
|a Nuclear weapons
|2 fast
|0 (OCoLC)fst01040971
|
| 651 |
|
7 |
|a Korea (North)
|2 fast
|0 (OCoLC)fst01214151
|
| 651 |
|
7 |
|a United States.
|2 fast
|0 (OCoLC)fst01204155
|
| 655 |
|
7 |
|a Legislative hearings.
|2 fast
|0 (OCoLC)fst01910825
|
| 655 |
|
7 |
|a Legislative hearings.
|2 lcgft
|
| 776 |
0 |
8 |
|i Microfiche version:
|a United States. Congress. Senate. Committee on Foreign Relations. Subcommittee on East Asia, the Pacific, and International Cybersecurity Policy.
|t U.S. policy toward North Korea after the second summit
|w (OCoLC)1319084299
|
| 776 |
0 |
8 |
|i Print version:
|a United States. Congress. Senate. Committee on Foreign Relations. Subcommittee on East Asia, the Pacific, and International Cybersecurity Policy.
|t U.S. policy toward North Korea after the second summit
|w (OCoLC)1200504910
|
| 810 |
1 |
|
|a United States.
|b Congress.
|b Senate.
|t S. hrg. ;
|v 116-207.
|
| 856 |
4 |
0 |
|3 PDF version
|u https://purl.fdlp.gov/GPO/gpo141171
|t 0
|
| 856 |
4 |
0 |
|3 Text version
|u https://purl.fdlp.gov/GPO/gpo141172
|t 0
|
| 999 |
f |
f |
|s bab3a6ca-0523-4d66-b991-8b38ffc83aff
|i a05d2624-1c6f-3d69-94d4-7e20eba2d0fd
|t 0
|
| 952 |
f |
f |
|a Texas A&M University
|b College Station
|c Electronic Resources
|d Available Online
|t 0
|e Y 4.F 76/2:S.HRG.116-207
|h Superintendent of Documents classification
|
| 998 |
f |
f |
|a Y 4.F 76/2:S.HRG.116-207
|t 0
|l Available Online
|